000 00261nam a22001217a 4500
008 170616b xxu||||| |||| 00| 0 eng d
041 _aeng
080 _a32
100 _a20
101 _ashp
245 _aIMAGE OF AMERICA
_cBRUCKBERGER, R.L
942 _2udc
_cBK
999 _c17808
_d17808